[Event "Frederiksberg-ch"]
[Site "Frederiksberg"]
[Date "2018.04.18"]
[Round "2"]
[White "Kjaer, Anders"]
[Black "Riisberg, Alexander"]
[Result "0-1"]
[WhiteElo "1835"]
[BlackElo "2038"]
[PlyCount "86"]
[EventDate "2018.04.11"]
[EventType "tourn"]
[EventRounds "7"]
[EventCountry "DEN"]
[SourceTitle "EXT 2020"]
[Source "ChessBase"]
[SourceDate "2019.10.17"]
[SourceVersion "1"]
[SourceVersionDate "2019.10.17"]
[SourceQuality "1"]

1. e4 e6 2. d4 d5 3. Nc3 Bb4 4. e5 c5 5. a3 Bxc3+ 6. bxc3 Qc7 7. Bd3 Ne7 8. Nf3 h6 9. 0-0 b6 10. h4 Ba6 11. h5 Bxd3 12. cxd3 Nd7 13. a4 Nc6 14. Ba3 Na5 15. Rc1 Rc8 16. Nh4 Qd8 17. g3 0-0 18. f4 f5 19. c4 Nb8 20. dxc5 bxc5 21. Rb1 dxc4 22. d4 cxd4 23. Bxf8 Kxf8 24. Qd2 Nbc6 25. Ng6+ Kf7 26. Rb5 a6 27. Rbb1 Nb3 28. Rxb3 cxb3 29. Rb1 Qd5 30. Qb2 Nb4 31. Qxb3 Qxb3 32. Rxb3 a5 33. Nh4 Rc3 34. Rb2 Rxg3+ 35. Kh2 Ra3 36. Rd2 Ra2 37. Nf3 d3 38. Kg2 Rxa4 39. Kf2 Ra3 40. Ne1 Ke7 41. Kg3 Rc3 42. Kh4 a4 43. Nxd3 Rxd3 0-1